000 00325nam a2200133Ia 4500
008 230312s9999||||xx |||||||||||||| ||und||
082 _a612
_bBUK-H
100 _aBukhari;Nadeem.Irfan
245 0 _aHospital Pharmacy
260 _bAziz Book
_aPakistan
300 _a260
650 _aPharmacy
_vHospital Pharmacy
942 _cBK
999 _c11081
_d11081